000 00478cam a22002054a 4500
005 20250605164313.0
008 250528s ||||||||||||||||||||||||d
035 _a22569
020 _a9780500279182
040 _aGR-AtMCL
_bgre
_dGR-AtMCL
_eAACR2
245 1 _aART OF THE ELECTRONIC AGE
250 _a1
260 _c1985
300 _a192
700 1 _aPopper Frank
_98347
700 1 _aThames And Hudson
_92417
942 _cBK
999 _c7617
_d7617